Critical care nursing diagnosis and management (Record no. 2843)

MARC details
000 -LEADER
fixed length control field 00421nam a22001577a 4500
008 - FIXED-LENGTH DATA ELEMENTS--GENERAL INFORMATION
fixed length control field 250404b |||||||| |||| 00| 0 eng d
020 ## - INTERNATIONAL STANDARD BOOK NUMBER
ISBN 9780323642958
100 ## - MAIN ENTRY--AUTHOR
Author Urden Linda D.
245 ## - TITLE STATEMENT
Title Critical care nursing diagnosis and management
250 ## - EDITION STATEMENT
Edition statement 9th
260 ## - PUBLICATION, DISTRIBUTION, ETC. (IMPRINT)
Place of publication Missouri
Name of publisher Elsevier
Date of publication 2020
300 ## - COLLATION
Pagination xxi,1113p
650 ## - TRACINGS
Main Subject Critical care nursing
Subdivision (1st) Emergency nursing
942 ## - ADDED ENTRY ELEMENTS (KOHA)
Item type Books
050 ## - LIBRARY OF CONGRESS CALL NUMBER
Classification number RT120
Item number .U73
Holdings
Source of classification or shelving scheme Not for loan Permanent location Current location Date acquired Accession No. Full call number Barcode. Koha item type
Library of Congress Classification   Medical Library Medical Library 04/04/2025 2024/64061 RT120.U73 2025-1154 Books